000 00428nam a2200181Ia 4500
005 20250603145429.0
008 250603s9999 xx 000 0 und d
020 _a9781293063
050 _aKP 69 .O5/
100 _aOlueyede, P. A.
245 0 _aNigerian Conveyancing Practice,Drafting and Precedents.
260 _aIbadan
260 _bHeinmann
260 _c2006
300 _a601 p
650 _aIbadan
942 _cBK
999 _c41837
_d41837